00944nam a22002537a 4500999001500000001000600015003000900021005001700030008004100047020001800088040004300106082001900149100004100168245007900209260003700288300002100325490002400346500005000370500006600420504001500486650004200501942001200543952013500555 c8107d810721600BD-DhUAP20220621114506.0151114r19711929enk 00011 eng d a9780099273974 aANLbengdBD-DhUAPcBD-DhUAPeBD-DhUAP0 a823.91 HEM2181 aHemingway, Ernest,d1899-1961.9567612aA farewell to arms /cErnest Hemingway ; with a commentary by Tony Tanner. aLondon :bVINTAGE BOOKS,cc1929. a293 p. ;c20 cm. aModern novel series aFiction in English, 1900-. Texts (BNB/PRECIS) aOriginally published, New York: Scribner; London: Cape, 1929. abibl p317. aWorld War, 1914-1918v Fiction916146 2ddccBK 00102ddc4070aUAPCLbUAPCLcGeneral Stacksd2022-06-21l3m3o823.91 HEMp3010021600r2025-08-19s2025-08-03t1w2022-06-21yBK